00440nam a22001337a 4500008004100000020001700041050002100058100002100079245007500100260005600175300003300231500002000264650002200284170209b xxu||||| |||| 00| 0 eng d a 0153116749 aPE1112 .W37 1990 aWarriner,John E. aEnglish Composition and grammar :b second course./cJohn E. Warriner  aOrlando :bHartcourt Brace Jovanovich pub. ,cc1990 axxii, 722p. :bill. ;c26cm. aincludes index. a Language Usage.